Conservation monitoring in freshwater habitats : (Record no. 31942)

MARC details
000 -LEADER
fixed length control field 01059cam a2200265 a 4500
001 - CONTROL NUMBER
control field vtls003215811
003 - CONTROL NUMBER IDENTIFIER
control field MY-SjTCS
005 - DATE AND TIME OF LATEST TRANSACTION
control field 20200226104042.0
008 - FIXED-LENGTH DATA ELEMENTS--GENERAL INFORMATION
fixed length control field 110218s2010 ne ab b 001 0 eng
020 ## - INTERNATIONAL STANDARD BOOK NUMBER
International Standard Book Number 9781402092770 (hbk.)
020 ## - INTERNATIONAL STANDARD BOOK NUMBER
International Standard Book Number 1402092776 (hbk.)
020 ## - INTERNATIONAL STANDARD BOOK NUMBER
International Standard Book Number 9781402092787 (ebk.)
039 #9 - LEVEL OF BIBLIOGRAPHIC CONTROL AND CODING DETAIL [OBSOLETE]
Level of rules in bibliographic description 201104181059
Level of effort used to assign nonsubject heading access points shuhada
Level of effort used to assign subject headings 201104181052
Level of effort used to assign classification shuhada
Level of effort used to assign subject headings 201103041657
Level of effort used to assign classification masrina
Level of effort used to assign subject headings 201102181526
Level of effort used to assign classification VLOAD
-- 201102161551
-- malathy
082 04 - DEWEY DECIMAL CLASSIFICATION NUMBER
Classification number 333.952816
Item number CON 2010
245 00 - TITLE STATEMENT
Title Conservation monitoring in freshwater habitats :
Remainder of title a practical guide and case studies /
Statement of responsibility, etc. Clive Hurford, Michael Schneider, Ian Cowx, editors.
260 ## - PUBLICATION, DISTRIBUTION, ETC.
Place of publication, distribution, etc. Dordrecht, Netherlands :
Name of publisher, distributor, etc. Springer,
Date of publication, distribution, etc. c2010.
300 ## - PHYSICAL DESCRIPTION
Extent xv, 415 p. :
Other physical details ill., maps ;
Dimensions 25 cm.
504 ## - BIBLIOGRAPHY, ETC. NOTE
Bibliography, etc. note Includes bibliographical references and index.
650 #0 - SUBJECT ADDED ENTRY--TOPICAL TERM
Topical term or geographic name entry element Freshwater biodiversity conservation.
9 (RLIN) 42798
650 #0 - SUBJECT ADDED ENTRY--TOPICAL TERM
Topical term or geographic name entry element Environmental monitoring.
9 (RLIN) 692
700 1# - ADDED ENTRY--PERSONAL NAME
Personal name Hurford, Clive.
9 (RLIN) 50222
700 1# - ADDED ENTRY--PERSONAL NAME
Personal name Schneider, Michael,
Dates associated with a name 1963-
9 (RLIN) 51705
700 1# - ADDED ENTRY--PERSONAL NAME
Personal name Cowx, I. G.
Fuller form of name (Ian G.)
9 (RLIN) 51706
920 ## - Programme
Programme BMS : 160794
Holdings
Withdrawn status Lost status Source of classification or shelving scheme Damaged status Not for loan Collection code Home library Current library Date acquired Total Checkouts Barcode Date last seen Date last checked out Copy number Koha item type Public note
Withdrawn   Dewey Decimal Classification     Please fill up online form at https://taylorslibrary.taylors.edu.my/services/external_storage1 Taylor's Library-TU TU External Storage-LCS 25/02/2011 1 5000113020 05/12/2019 30/01/2012 1 Main Collection SBSxx,36100,03,GR